Camins rurals : règim jurídic i intervenció municipal / Juli Ponce Solé, Josep Aldomà Buixadé règim jurídic i intervenció municipal / Juli Ponce Solé, Josep Aldomà Buixadé
Publicado:
[Barcelona] :
Diputació de Barcelona, Xarxa de Municipis, Àrea de Cooperació, Oficina Tècnica de Prevenció Municipal d'Incendis Forestals, cop. 2003
Descripción Física:
136 p. ; 30 cm
Colección:
Quaderns d'informació tècnica ; 6
Otros Autores:
Aldomà i Buixadé, Josep
MARC
| LEADER | 00000nam a2200000Ia 4500 | ||
|---|---|---|---|
| 001 | 15940 | ||
| 008 | 160829s9999 xx 000 0 cat d | ||
| 080 | |a M-4-362 | ||
| 100 | |a Ponce Solé, Juli, |d 1967- |9 25282 | ||
| 245 | |a Camins rurals : |b règim jurídic i intervenció municipal / Juli Ponce Solé, Josep Aldomà Buixadé | ||
| 260 | |a [Barcelona] : |b Diputació de Barcelona, Xarxa de Municipis, Àrea de Cooperació, Oficina Tècnica de Prevenció Municipal d'Incendis Forestals, cop. 2003 | ||
| 300 | |a 136 p. ; |c 30 cm | ||
| 490 | |a Quaderns d'informació tècnica ; 6 | ||
| 590 | |a Glossari de termes i abreviatures emprades | ||
| 650 | |a Camins rurals |x Dret i legislació |9 25283 | ||
| 650 | 0 | |a Administració local |9 34286 | |
| 700 | |a Aldomà i Buixadé, Josep |9 25284 | ||
| 710 | |a Barcelona (Catalunya : Província). |b Oficina Tècnica de Prevenció Municipal d'Incendis Forestals |9 9456 | ||
| 901 | |a Arxiu | ||
| 942 | |n 1 | ||
| 952 | |0 0 |1 0 |4 0 |6 M4362 |7 1 |9 43534 |a Arxiu |b Arxiu |d 2016-12-01 |l 0 |o M-4-362 |p 15940 |r 2016-12-01 00:00:00 |w 2016-12-01 |y ARXIU | ||
| 999 | |c 46080 |d 46080 | ||